SQL server 2000 black book / (Record no. 549)
[ view plain ]
| 000 -LEADER | |
|---|---|
| fixed length control field | 00943nam a22002775a 4500 |
| 006 - FIXED-LENGTH DATA ELEMENTS--ADDITIONAL MATERIAL CHARACTERISTICS--GENERAL INFORMATION | |
| fixed length control field | a||||fr|||| 00| 0 |
| 008 - FIXED-LENGTH DATA ELEMENTS--GENERAL INFORMATION | |
| fixed length control field | 100906t2005 II a frb 001 0 eng d |
| 020 ## - INTERNATIONAL STANDARD BOOK NUMBER | |
| International Standard Book Number | 8177221205 |
| 040 ## - CATALOGING SOURCE | |
| Original cataloging agency | EG-ScBuE |
| Language of cataloging | eng |
| Transcribing agency | EG-ScBuE |
| 082 04 - DEWEY DECIMAL CLASSIFICATION NUMBER | |
| Classification number | 005.7585 |
| Item number | DAL |
| Edition number | 22 |
| 100 1# - MAIN ENTRY--PERSONAL NAME | |
| Personal name | Dalton, Patrick. |
| 9 (RLIN) | 18327 |
| 245 10 - TITLE STATEMENT | |
| Title | SQL server 2000 black book / |
| Statement of responsibility, etc | by Patrick Dalton and Paul Whitehead. |
| 260 ## - PUBLICATION, DISTRIBUTION, ETC. (IMPRINT) | |
| Place of publication, distribution, etc | New Delhi : |
| Name of publisher, distributor, etc | Coriolis Group Books, |
| Date of publication, distribution, etc | 2001. |
| 300 ## - PHYSICAL DESCRIPTION | |
| Extent | 969 p. : |
| Other physical details | ill. ; |
| Dimensions | 24 cm. + |
| Accompanying material | 2 CD-ROM (4 3/4 in.) |
| 500 ## - GENERAL NOTE | |
| General note | Index : p. 949-969. |
| 500 ## - GENERAL NOTE | |
| General note | Glossary : p. 931-948. |
| 500 ## - GENERAL NOTE | |
| General note | Appendix : p. 921-930. |
| 504 ## - BIBLIOGRAPHY, ETC. NOTE | |
| Bibliography, etc | Includes bibliographical references. |
| 590 ## - LOCAL NOTE (RLIN) | |
| Local note | Menna elemam |
| 650 #0 - SUBJECT ADDED ENTRY--TOPICAL TERM | |
| Topical term or geographic name as entry element | Client/server computing. |
| 9 (RLIN) | 18328 |
| Source of heading or term | BUEsh |
| 650 #0 - SUBJECT ADDED ENTRY--TOPICAL TERM | |
| Topical term or geographic name as entry element | Relational databases. |
| 9 (RLIN) | 18329 |
| Source of heading or term | BUEsh |
| 651 ## - SUBJECT ADDED ENTRY--GEOGRAPHIC NAME | |
| Source of heading or term | BUEsh |
| 653 ## - INDEX TERM--UNCONTROLLED | |
| Resource For college | Informatics and Computer Science |
| Arrived date list | August2015 |
| 700 1# - ADDED ENTRY--PERSONAL NAME | |
| Personal name | Whitehead, Paul, |
| Dates associated with a name | 1965- |
| 9 (RLIN) | 18330 |
| 942 ## - ADDED ENTRY ELEMENTS (KOHA) | |
| Item type | Book - Borrowing |
| Call number prefix | 005.7585 DAL |
| Source of classification or shelving scheme | Dewey Decimal Classification |
| Withdrawn status | Item status | Source of classification or shelving scheme | Damaged status | Not for loan | Vendor | Home library | Current library | Shelving location | Date acquired | Source of acquisition | Cost, normal purchase price | Total Checkouts | Full call number | Barcode | Date last seen | Cost, replacement price | Koha item type |
|---|---|---|---|---|---|---|---|---|---|---|---|---|---|---|---|---|---|
| Dewey Decimal Classification | Central Library | Central Library | Lower Floor | 17/07/2006 | 137.00 | 005.7585 DAL | 000004069 | 15/07/2025 | 171.25 | Book - Borrowing | |||||||
| Dewey Decimal Classification | Central Library | Central Library | Lower Floor | 27/08/2015 | Purchase | 005.7585 DAL | 000008676 | 24/08/2022 | CD | DVD - With book | ||||||||
| Dewey Decimal Classification | Central Library | Central Library | Lower Floor | 27/08/2015 | Purchase | 005.7585 DAL | 000008675 | 24/08/2022 | CD | DVD - With book |